[Event "5eme Open International de La Fere"]
[Site "La Fere (FRA)"]
[Date "2006.07.08"]
[Round "1.4"]
[White "Bagaturov, Giorgi"]
[Black "Thomas, Olivier"]
[Result "1-0"]
[WhiteElo "2461"]
[BlackElo "2126"]
[PlyCount "63"]
[EventDate "2006.07.08"]

1. d4 Nf6 2. c4 g6 3. Nf3 Bg7 4. g3 d6 5. Bg2 O-O 6. O-O Nc6 7. d5 Na5 8. Qa4
c5 9. Bd2 b6 10. Bc3 Bd7 11. Qc2 Bf5 12. Qc1 a6 13. Nbd2 b5 14. b3 Rb8 15. Re1
bxc4 16. bxc4 Ne4 17. Bxg7 Kxg7 18. Nh4 Nxd2 19. Nxf5+ gxf5 20. Qxd2 f6 21. Qf4
Rb4 22. Rac1 Qd7 23. a3 Ra4 24. Bh3 e5 25. dxe6 Qxe6 26. Bxf5 Qe5 27. Qg4+ Kh8
28. Bxh7 f5 29. Qh5 Kg7 30. e4 fxe4 31. Qg4+ Kh8 32. Bxe4 1-0

[Event "5eme Open International de La Fere"]
[Site "La Fere (FRA)"]
[Date "2006.07.08"]
[Round "1.2"]
[White "Ninov, Nikolai"]
[Black "Platel, Alexandre"]
[Result "1-0"]
[WhiteElo "2517"]
[BlackElo "2167"]
[PlyCount "103"]
[EventDate "2006.07.08"]

1. e4 c5 2. Nf3 e6 3. d4 cxd4 4. Nxd4 a6 5. c4 Nf6 6. Nc3 d6 7. Be3 b6 8. Be2
Bb7 9. f3 Nbd7 10. O-O Be7 11. Qd2 O-O 12. Rfc1 Rc8 13. b4 d5 14. exd5 exd5 15.
Nxd5 Nxd5 16. cxd5 Rxc1+ 17. Rxc1 Ne5 18. Nc6 Bxc6 19. dxc6 Qxd2 20. Bxd2 Rc8
21. Bf4 Rxc6 22. a3 Rxc1+ 23. Bxc1 a5 24. bxa5 bxa5 25. Kf2 Bc5+ 26. Ke1 Kf8
27. Kd2 Ke7 28. Kc3 Kd6 29. Kb3 Bg1 30. h3 Kc5 31. Ka4 Nc6 32. Bb5 Nd4 33. Be8
f6 34. Bd2 Nc2 35. Bxa5 Bd4 36. Bf7 g5 37. g4 Be5 38. Bb3 Ne3 39. Bb4+ Kb6 40.
Bg8 h6 41. Bf8 Bd4 42. Kb4 Nd1 43. Kc4 Be3 44. Bxh6 Bc5 45. a4 Ne3+ 46. Kd3 Ng2
47. Ke4 Nh4 48. Bb3 Bd6 49. Kd5 Be5 50. Bxg5 fxg5 51. Kxe5 Nxf3+ 52. Kf6 1-0

[Event "5eme Open International de La Fere"]
[Site "La Fere (FRA)"]
[Date "2006.07.08"]
[Round "1.3"]
[White "Iglesias, Joachim"]
[Black "Gozzoli, Yannick"]
[Result "1/2-1/2"]
[WhiteElo "2127"]
[BlackElo "2470"]
[PlyCount "72"]
[EventDate "2006.07.08"]

1. d4 Nf6 2. Nf3 g6 3. Nbd2 Bg7 4. e4 O-O 5. Bd3 d6 6. O-O Nc6 7. c3 e5 8. dxe5
dxe5 9. Nc4 Nh5 10. Re1 Kh8 11. h3 Be6 12. b4 a6 13. a4 Nf4 14. Bf1 Qf6 15. Ra2
Rad8 16. Rd2 Rxd2 17. Bxd2 Rd8 18. b5 axb5 19. axb5 Bxc4 20. Bxc4 Na5 21. Bd5
c6 22. Qa4 cxd5 23. Qxa5 b6 24. Qa7 dxe4 25. Rxe4 Nxh3+ 26. gxh3 Qxf3 27. Qxb6
Bf6 28. Rf4 Qd1+ 29. Kg2 Bg5 30. Rd4 Rxd4 31. Bxg5 Rg4+ 32. hxg4 Qxg4+ 33. Kf1
Qd1+ 34. Kg2 Qg4+ 35. Kf1 Qd1+ 36. Kg2 Qg4+ 1/2-1/2

[Event "5eme Open International de La Fere"]
[Site "La Fere (FRA)"]
[Date "2006.07.08"]
[Round "1.5"]
[White "Houriez, Clement"]
[Black "Gladyszev, Oleg"]
[Result "0-1"]
[WhiteElo "2125"]
[BlackElo "2457"]
[PlyCount "72"]
[EventDate "2006.07.08"]

1. e4 c5 2. Nc3 Nc6 3. f4 a6 4. Nf3 e6 5. g3 b5 6. d3 Bb7 7. Bg2 b4 8. Ne2 d5
9. O-O dxe4 10. dxe4 Qb6 11. c4 Nd4 12. Nexd4 cxd4 13. Qd3 Nf6 14. Re1 Bc5 15.
h3 a5 16. b3 O-O 17. Bb2 Rfd8 18. Rad1 a4 19. Kh2 axb3 20. axb3 Ra2 21. Rd2 h6
22. Ree2 Nxe4 23. Rxe4 Bxe4 24. Qxe4 d3 25. Ne1 Rxb2 26. Rxb2 d2 27. Rxd2 Rxd2
28. h4 Bg1+ 29. Kh3 f5 30. Qa8+ Rd8 31. Qa4 g5 32. hxg5 hxg5 33. fxg5 Qd4 34.
Bf3 Qh8+ 35. Kg2 Qh2+ 36. Kf1 Qf2# 0-1

[Event "5eme Open International de La Fere"]
[Site "La Fere (FRA)"]
[Date "2006.07.08"]
[Round "1.6"]
[White "Tirard, Hugo"]
[Black "Ly, Anh-Dao"]
[Result "1-0"]
[WhiteElo "2453"]
[BlackElo "2116"]
[PlyCount "39"]
[EventDate "2006.07.08"]

1. e4 Nf6 2. e5 Nd5 3. Nc3 Nxc3 4. bxc3 d6 5. f4 g6 6. Nf3 Bg7 7. d4 O-O 8. Bd3
c5 9. O-O Be6 10. Be3 Qa5 11. f5 Bd5 12. fxg6 hxg6 13. Ng5 c4 14. Qg4 cxd3 15.
Qh3 Rd8 16. Qh7+ Kf8 17. e6 f6 18. Qxg6 Kg8 19. Rf4 fxg5 20. Rf7 1-0

[Event "5eme Open International de La Fere"]
[Site "La Fere (FRA)"]
[Date "2006.07.08"]
[Round "1.7"]
[White "Marchal, Jeremy"]
[Black "Dumitrache, Dragos-Nicolae"]
[Result "0-1"]
[WhiteElo "2096"]
[BlackElo "2451"]
[PlyCount "92"]
[EventDate "2006.07.08"]

1. e4 c5 2. Nc3 Nc6 3. g3 g6 4. Bg2 Bg7 5. d3 d6 6. Nce2 e5 7. Nf3 Nge7 8. O-O
O-O 9. c3 d5 10. b3 h6 11. exd5 Nxd5 12. Be3 Nxe3 13. fxe3 Bg4 14. h3 Be6 15.
Kh2 f5 16. d4 exd4 17. exd4 cxd4 18. Nfxd4 Nxd4 19. cxd4 Bd5 20. Bxd5+ Qxd5 21.
Nf4 Qf7 22. Qd3 Rad8 23. Ne2 Rfe8 24. Rad1 Kh7 25. Rfe1 Re4 26. d5 Be5 27. Nf4
Bxf4 28. gxf4 Rxe1 29. Rxe1 Rxd5 30. Qe3 b6 31. Rc1 Qd7 32. Rc2 h5 33. Qc1 Kh6
34. Qe3 Qd6 35. Rf2 Rd4 36. h4 Rd3 37. Qe2 Qd4 38. Qf1 Qd8 39. Kg2 Rc3 40. Qe1
Qd3 41. Kh1 Qg3 42. Qd2 Rd3 43. Qe2 Re3 44. Qd2 Qxh4+ 45. Kg1 Qg3+ 46. Kf1 Qh3+
0-1

[Event "5eme Open International de La Fere"]
[Site "La Fere (FRA)"]
[Date "2006.07.08"]
[Round "1.9"]
[White "Delorme, Laurie"]
[Black "Grigorov, Grigor"]
[Result "1/2-1/2"]
[WhiteElo "2068"]
[BlackElo "2425"]
[PlyCount "52"]
[EventDate "2006.07.08"]

1. e4 c5 2. Ne2 d6 3. g3 Nc6 4. Bg2 g6 5. O-O Bg7 6. c3 e5 7. Na3 Nge7 8. d4
exd4 9. cxd4 O-O 10. d5 Nb4 11. Nb5 Qd7 12. Nbc3 c4 13. b3 b5 14. a4 bxa4 15.
Rxa4 a5 16. bxc4 Ba6 17. Qb3 Rab8 18. Rxa5 Nbxd5 19. Nb5 Nc7 20. Nec3 Nc6 21.
Ra2 Nd4 22. Qa4 Bxb5 23. cxb5 Qe6 24. Nd5 Nxd5 25. exd5 Qe7 26. Be3 Nxb5
1/2-1/2

[Event "5eme Open International de La Fere"]
[Site "La Fere (FRA)"]
[Date "2006.07.08"]
[Round "1.11"]
[White "Bosch, Joachim"]
[Black "Afek, Yochanan"]
[Result "0-1"]
[WhiteElo "2035"]
[BlackElo "2316"]
[PlyCount "38"]
[EventDate "2006.07.08"]

1. d4 Nf6 2. Nf3 g6 3. c4 Bg7 4. Nc3 O-O 5. e4 c5 6. d5 e5 7. Nxe5 Re8 8. Nd3
Nxe4 9. Nxe4 Rxe4+ 10. Be3 Rxc4 11. Nxc5 Qa5+ 12. Qd2 Rxc5 13. Bxc5 Qxc5 14.
Rc1 Qf8 15. d6 Nc6 16. Be2 b6 17. O-O Bb7 18. b4 Re8 19. Bf3 Bh6 0-1

[Event "5eme Open International de La Fere"]
[Site "La Fere (FRA)"]
[Date "2006.07.08"]
[Round "1.12"]
[White "Chetverik, Maxim"]
[Black "Trens, Yohan"]
[Result "1-0"]
[WhiteElo "2302"]
[BlackElo "2021"]
[PlyCount "113"]
[EventDate "2006.07.08"]

1. d4 Nf6 2. c4 c5 3. d5 e6 4. Nc3 exd5 5. cxd5 d6 6. Nf3 g6 7. Bg5 Bg7 8. e3
O-O 9. Nd2 h6 10. Bh4 Na6 11. Nc4 Nc7 12. a4 b6 13. Be2 Ba6 14. O-O Re8 15. Qd2
Rb8 16. Rfd1 Bxc4 17. Bxf6 Qxf6 18. Bxc4 a6 19. Qd3 b5 20. axb5 axb5 21. Nxb5
Nxb5 22. Bxb5 Re7 23. b3 Qxa1 24. Rxa1 Bxa1 25. g3 Reb7 26. Bc4 Ra7 27. Kg2
Rba8 28. h4 h5 29. Qe4 Kf8 30. g4 hxg4 31. Qxg4 Re7 32. h5 gxh5 33. Qxh5 Bg7
34. Qf5 Rd8 35. Qg5 Rde8 36. Bb5 Re5 37. Qg4 Rd8 38. Bc6 Re7 39. Qa4 Bf6 40.
Bb5 Re5 41. e4 Rg5+ 42. Kf3 Be7 43. Qa7 Rh5 44. Bd7 Rg5 45. Qc7 Rh5 46. Ke3 f6
47. Be6 Rg5 48. Qb7 Rg7 49. Qb5 Rg5 50. f4 Rg3+ 51. Kf2 Rg7 52. Qd3 Ke8 53. Qh3
Bf8 54. Bc8 Rf7 55. Bg4 Be7 56. Be6 Rg7 57. Qh5+ 1-0

[Event "5eme Open International de La Fere"]
[Site "La Fere (FRA)"]
[Date "2006.07.08"]
[Round "1.17"]
[White "Molet, Asher"]
[Black "Lucas, Bernard"]
[Result "0-1"]
[WhiteElo "1990"]
[BlackElo "1830"]
[PlyCount "54"]
[EventDate "2006.07.08"]

1. d4 d5 2. Nf3 Nf6 3. Bf4 e6 4. e3 Bd6 5. c3 O-O 6. Bd3 Re8 7. Nbd2 Nbd7 8.
Ne5 Qe7 9. Qf3 c5 10. O-O Nf8 11. g4 Ng6 12. Nxg6 hxg6 13. h3 e5 14. dxe5 Bxe5
15. Bg5 Qd6 16. Rad1 Bd7 17. Qg2 Bc6 18. f4 Bxc3 19. bxc3 Rxe3 20. Nf3 d4 21.
Bxf6 gxf6 22. cxd4 cxd4 23. Qg3 g5 24. Kh2 Rf8 25. Rd2 Qa3 26. Re1 Qc3 27. Qf2
Bxf3 0-1

[Event "5eme Open International de La Fere"]
[Site "La Fere (FRA)"]
[Date "2006.07.08"]
[Round "1.21"]
[White "Bessat, Remy"]
[Black "Vinsard, Cyril"]
[Result "1-0"]
[WhiteElo "1974"]
[BlackElo "1809"]
[PlyCount "41"]
[EventDate "2006.07.08"]

1. b4 e5 2. Bb2 Bxb4 3. Bxe5 Nf6 4. Nf3 Nc6 5. Bb2 d5 6. e3 O-O 7. Be2 Ne4 8.
O-O f5 9. c4 Be6 10. Qc2 Bd6 11. Nc3 Nb4 12. Qb1 dxc4 13. Nxe4 fxe4 14. Qxe4
Bd5 15. Bxc4 Kh8 16. Bxd5 Nxd5 17. Rab1 b6 18. Qg4 Nf6 19. Qh4 Qd7 20. e4 Be7
21. Ne5 1-0

[Event "5eme Open International de La Fere"]
[Site "La Fere (FRA)"]
[Date "2006.07.08"]
[Round "1.22"]
[White "Pavillon, Guillaume"]
[Black "Mataigne, Jean-Michel"]
[Result "1-0"]
[WhiteElo "1790"]
[BlackElo "1963"]
[PlyCount "145"]
[EventDate "2006.07.08"]

1. c4 g6 2. Nc3 Bg7 3. g3 d6 4. Bg2 Nc6 5. Nf3 e5 6. d3 f5 7. O-O Nf6 8. Bg5
O-O 9. Nd5 Nd4 10. Nxd4 exd4 11. b4 c6 12. Nxf6+ Bxf6 13. Bxf6 Rxf6 14. b5 Bd7
15. a4 Qa5 16. Qb3 Re8 17. Qb2 Qc3 18. Qxc3 dxc3 19. Rfe1 d5 20. bxc6 bxc6 21.
cxd5 cxd5 22. Bxd5+ Be6 23. Bxe6+ Rfxe6 24. Ra3 Rc8 25. Rc1 c2 26. Kf1 g5 27.
Ra2 Ra6 28. Ke1 Rcc6 29. Rcxc2 Rxc2 30. Rxc2 Rxa4 31. Rc5 Ra1+ 32. Kd2 a5 33.
Rxf5 h6 34. Rf6 Kg7 35. Ra6 a4 36. Ke3 a3 37. h4 gxh4 38. gxh4 a2 39. d4 Kf7
40. Kf3 Rh1 41. Rxa2 Rxh4 42. e3 h5 43. Ra1 Ke6 44. Rg1 Kf5 45. Rg8 Kf6 46. e4
Rh1 47. Kg2 Rh4 48. f3 Ke7 49. Rg3 Rf4 50. Kf2 Rh4 51. Ke3 Rh1 52. Kf4 h4 53.
Rg5 h3 54. Rh5 h2 55. Ke5 Kf7 56. d5 Rf1 57. Rxh2 Rxf3 58. Rh5 Rd3 59. Rf5+ Ke7
60. Rf6 Re3 61. Rc6 Re1 62. Rc7+ Kd8 63. d6 Re2 64. Rc4 Kd7 65. Rd4 Ra2 66. Kf4
Rf2+ 67. Ke3 Rf1 68. e5 Re1+ 69. Kf4 Rf1+ 70. Ke4 Ra1 71. e6+ Kxe6 72. d7 Re1+
73. Kf3 1-0

[Event "5eme Open International de La Fere"]
[Site "La Fere (FRA)"]
[Date "2006.07.08"]
[Round "1.29"]
[White "Menneveux, Jerome"]
[Black "Swiercz, Sonia"]
[Result "1-0"]
[WhiteElo "1918"]
[BlackElo "1707"]
[PlyCount "89"]
[EventDate "2006.07.08"]

1. e4 c5 2. Nf3 e6 3. d4 cxd4 4. Nxd4 a6 5. c4 Qc7 6. Nc3 Nf6 7. Bd3 Nc6 8. Be3
Bb4 9. Qc2 Ne5 10. a3 Nxd3+ 11. Qxd3 Bxc3+ 12. Qxc3 Nxe4 13. Nxe6 dxe6 14. Qxg7
Rf8 15. Bh6 Qc5 16. f3 Nf2 17. Qxf8+ Qxf8 18. Bxf8 Nxh1 19. Bc5 Bd7 20. Kf1 Rc8
21. b4 Rc6 22. Kg1 Ng3 23. hxg3 b6 24. Be3 Rxc4 25. Bxb6 Bb5 26. Rd1 Rc3 27.
Rd8+ Ke7 28. Rh8 Rxa3 29. Rxh7 Bd3 30. Bc5+ Ke8 31. Rh8+ Kd7 32. Ra8 f5 33. Rg8
a5 34. bxa5 Rxa5 35. Bb6 Ra1+ 36. Kh2 Be2 37. g4 fxg4 38. Rxg4 Ra2 39. Kg3 Bf1
40. Bf2 Ra5 41. Rd4+ Ke7 42. Be3 Re5 43. Kf2 Bxg2 44. Bf4 Rf5 45. Bd6+ 1-0

[Event "5eme Open International de La Fere"]
[Site "La Fere (FRA)"]
[Date "2006.07.08"]
[Round "1.25"]
[White "Dutel, Francois"]
[Black "Diener, Jean-Denis"]
[Result "1/2-1/2"]
[WhiteElo "1946"]
[BlackElo "1761"]
[PlyCount "91"]
[EventDate "2006.07.08"]

1. d4 Nf6 2. c4 g6 3. Nc3 d5 4. Nf3 Bg7 5. Qb3 e6 6. Bg5 dxc4 7. Qxc4 c6 8. e4
Qb6 9. b4 O-O 10. Be2 a5 11. Rb1 axb4 12. Rxb4 Qc7 13. O-O Na6 14. Rbb1 b5 15.
Qd3 Bb7 16. Rfc1 Qb8 17. Qd2 b4 18. Bxf6 bxc3 19. Rxc3 Bxf6 20. Rxc6 Qa7 21. e5
Be7 22. Rcb6 Rab8 23. Qb2 Bxf3 24. gxf3 Rxb6 25. Qxb6 Qxb6 26. Rxb6 Nc7 27. Rb7
Nd5 28. Bc4 Bg5 29. Bxd5 exd5 30. Ra7 Rc8 31. Rd7 Rc2 32. Rxd5 Rxa2 33. e6 Be7
34. Rd7 Kf8 35. d5 Rd2 36. d6 Rxd6 37. Rxd6 Bxd6 38. exf7 Kxf7 39. Kg2 g5 40.
h3 Kg6 41. f4 Bxf4 42. Kf3 Kf5 43. Ke2 g4 44. hxg4+ Kxg4 45. Kf1 Kf3 46. Kg1
1/2-1/2

[Event "5eme Open International de La Fere"]
[Site "La Fere (FRA)"]
[Date "2006.03.21"]
[Round "1.26"]
[White "Holland, Christophe"]
[Black "Vandervorst, Marc"]
[Result "0-1"]
[WhiteElo "1751"]
[BlackElo "1932"]
[PlyCount "54"]
[EventDate "2006.07.08"]

1. d4 Nf6 2. Nf3 g6 3. c3 Bg7 4. Bf4 O-O 5. Qc1 d6 6. Bh6 Nc6 7. h4 Bg4 8. Bxg7
Kxg7 9. Ng5 h5 10. Nd2 e5 11. f3 Bd7 12. dxe5 Nxe5 13. Qc2 d5 14. O-O-O c6 15.
g4 Rh8 16. e4 hxg4 17. f4 Nf3 18. Ndxf3 gxf3 19. f5 Qc7 20. fxg6 fxg6 21. exd5
cxd5 22. Kb1 Qg3 23. Qh2 Qxh2 24. Rxh2 Bg4 25. Rd4 Rae8 26. Kc1 Re1+ 27. Rd1 f2
0-1

[Event "5eme Open International de La Fere"]
[Site "La Fere (FRA)"]
[Date "2006.07.08"]
[Round "1.28"]
[White "Timmermans, Eric"]
[Black "Boudier, Eric"]
[Result "1-0"]
[WhiteElo "1730"]
[BlackElo "1927"]
[PlyCount "103"]
[EventDate "2006.07.08"]

1. c4 Nc6 2. Nc3 e5 3. Nf3 Nf6 4. g3 Bc5 5. Bg2 d6 6. O-O O-O 7. d3 h6 8. Na4
Bd4 9. e3 Bb6 10. a3 Ne7 11. Nxb6 axb6 12. Nd2 c6 13. b3 Ng6 14. Bb2 Be6 15.
Nf3 Qd7 16. Re1 Bg4 17. Qc2 Qf5 18. Nd2 Bh3 19. f3 Bxg2 20. Kxg2 d5 21. cxd5
cxd5 22. e4 Qg5 23. Kf2 dxe4 24. Nxe4 Nxe4+ 25. dxe4 Rac8 26. Qe2 Rc6 27. Red1
Rfc8 28. Rd2 Qxd2 29. Qxd2 Rc2 30. Rd1 Rxd2+ 31. Rxd2 Kf8 32. Ke3 Ke7 33. a4
Ke6 34. f4 exf4+ 35. gxf4 f5 36. Bxg7 h5 37. exf5+ Kxf5 38. Rd5+ Ke6 39. Rxh5
Kf7 40. Bd4 Re8+ 41. Kf3 Rd8 42. Ke4 Re8+ 43. Be5 Nf8 44. Rg5 Ne6 45. Rg3 Nc5+
46. Kf5 Rd8 47. h4 Ne6 48. h5 Nd4+ 49. Ke4 Ne6 50. h6 Nc5+ 51. Kf5 Nd7 52. Rg7+
1-0

[Event "5eme Open International de La Fere"]
[Site "La Fere (FRA)"]
[Date "2006.07.08"]
[Round "1.10"]
[White "Zimmerman, Yuri"]
[Black "Raulet, Alain"]
[Result "0-1"]
[WhiteElo "2374"]
[BlackElo "2040"]
[PlyCount "68"]
[EventDate "2006.07.08"]

1. d4 Nf6 2. c4 e6 3. Nf3 b6 4. a3 Bb7 5. Nc3 Be7 6. d5 O-O 7. e4 exd5 8. cxd5
d6 9. Bd3 Nbd7 10. b4 Ng4 11. O-O Nde5 12. Nxe5 Nxe5 13. Be2 Bf6 14. Bb2 a5 15.
Qc2 Qe7 16. Rfe1 Rfc8 17. f4 Nd7 18. Bb5 Bd4+ 19. Kh1 axb4 20. axb4 Nf6 21.
Rad1 Bxc3 22. Qxc3 Ra2 23. Bd3 c5 24. Bb1 Ra7 25. e5 dxe5 26. fxe5 Nxd5 27. Qh3
g6 28. Rxd5 c4 29. Rd7 Bxg2+ 30. Qxg2 Rxd7 31. Bf5 Qxb4 32. Rc1 Rd2 33. Bc3
Qxc3 34. Rxc3 Rd1+ 0-1

[Event "5eme Open International de La Fere"]
[Site "La Fere (FRA)"]
[Date "2006.07.08"]
[Round "1.13"]
[White "Deneuville, Ludovic"]
[Black "Clery, Nicolas"]
[Result "0-1"]
[WhiteElo "2009"]
[BlackElo "2278"]
[PlyCount "104"]
[EventDate "2006.07.08"]

1. e4 e6 2. d4 d5 3. Nc3 Nf6 4. Bg5 Bb4 5. e5 h6 6. exf6 hxg5 7. fxg7 Rg8 8.
Qh5 Qf6 9. Nf3 Qxg7 10. h4 gxh4 11. Rxh4 Nd7 12. Qh6 Qxh6 13. Rxh6 Ke7 14. g3
Nf6 15. Bd3 c5 16. a3 Bxc3+ 17. bxc3 c4 18. Be2 Bd7 19. O-O-O Rg7 20. Nd2 b5
21. Rg1 a5 22. g4 b4 23. Kb2 bxc3+ 24. Kxc3 Rb8 25. g5 Ne8 26. f4 Nd6 27. Rb1
Rxb1 28. Nxb1 Nb5+ 29. Kd2 Nxd4 30. Bg4 Ba4 31. Bd1 Rg8 32. Nc3 Bd7 33. Rh7 Nf5
34. Bh5 Be8 35. Ne2 Rg7 36. Rh8 Nd6 37. Nd4 e5 38. fxe5 Ne4+ 39. Ke3 Rxg5 40.
Nf3 Rg2 41. Nd4 Bd7 42. Ra8 Rg5 43. Bf3 Rxe5 44. Kf4 f6 45. Ra7 Kd6 46. Rxa5
Nc3 47. Bg2 Re1 48. Bf3 Ne4 49. Ra6+ Kc5 50. Ne6+ Bxe6 51. Rxe6 Rf1 52. Ke3
Rxf3+ 0-1

[Event "5eme Open International de La Fere"]
[Site "La Fere (FRA)"]
[Date "2006.07.08"]
[Round "1.14"]
[White "Cappon, John"]
[Black "Maupin, Valerie"]
[Result "1-0"]
[WhiteElo "2231"]
[BlackElo "2007"]
[PlyCount "37"]
[EventDate "2006.07.08"]

1. e4 c5 2. Nf3 e6 3. d4 cxd4 4. Nxd4 Nf6 5. Nc3 Nc6 6. Ndb5 Bb4 7. a3 Bxc3+ 8.
Nxc3 d5 9. exd5 exd5 10. Bd3 O-O 11. O-O h6 12. Bf4 d4 13. Ne4 Bf5 14. Bc7 Qxc7
15. Nxf6+ gxf6 16. Bxf5 Qf4 17. Qh5 Rad8 18. Rae1 Rd5 19. Bh7+ 1-0

[Event "5eme Open International de La Fere"]
[Site "La Fere (FRA)"]
[Date "2006.07.08"]
[Round "1.16"]
[White "Hauet, Thomas"]
[Black "Cozette, Michael"]
[Result "0-1"]
[WhiteElo "1830"]
[BlackElo "1997"]
[PlyCount "102"]
[EventDate "2006.07.08"]

1. e4 c5 2. Nf3 d6 3. d4 cxd4 4. Nxd4 Nf6 5. Nc3 a6 6. Be2 e5 7. Nf3 h6 8. O-O
Be7 9. Be3 Be6 10. Nd2 d5 11. exd5 Nxd5 12. Nxd5 Bxd5 13. Bf3 O-O 14. c4 Bc6
15. b3 f5 16. Bxc6 Nxc6 17. f3 Nd4 18. Re1 Bh4 19. Rf1 Bf6 20. Rc1 Qa5 21. Bxd4
exd4 22. a4 Qc5 23. Kh1 Rad8 24. f4 Rfe8 25. Re1 Re3 26. Qc2 d3 27. Qd1 Rde8
28. Rxe3 Qxe3 29. g3 Qf2 30. Nf3 d2 31. Nxd2 Re2 32. Qg1 Qxg1+ 33. Kxg1 Rxd2
34. Rb1 Rc2 35. h3 Kf8 36. g4 g6 37. gxf5 gxf5 38. b4 Rxc4 39. a5 Bd4+ 40. Kg2
Rc2+ 41. Kg3 Rb2 42. Rxb2 Bxb2 43. Kh4 Bc3 44. Kh5 Kg7 45. h4 Kf6 46. Kxh6 Bxb4
47. h5 Bxa5 48. Kh7 Bc3 49. h6 b5 50. Kg8 b4 51. h7 Ke6 0-1

[Event "5eme Open International de La Fere"]
[Site "La Fere (FRA)"]
[Date "2006.07.08"]
[Round "1.18"]
[White "Nicolas, Aurelien"]
[Black "Lonnoy, Remi"]
[Result "0-1"]
[WhiteElo "1824"]
[BlackElo "1985"]
[PlyCount "46"]
[EventDate "2006.07.08"]

1. e4 c5 2. Nf3 d6 3. d4 cxd4 4. Nxd4 Nf6 5. Nc3 a6 6. Bg5 e6 7. g3 b5 8. Bg2
e5 9. Nde2 Be7 10. Nd5 Be6 11. Nxe7 Qxe7 12. Qd2 O-O 13. O-O Rd8 14. Rad1 h6
15. Be3 Nc6 16. Qc3 Rac8 17. Qa3 Bc4 18. Rc1 b4 19. Qa4 Qe6 20. c3 Bb5 21. Qb3
Bc4 22. Qa4 b3 23. a3 Bb5 0-1

[Event "5eme Open International de La Fere"]
[Site "La Fere (FRA)"]
[Date "2006.07.08"]
[Round "1.19"]
[White "Lebon, Joffrey"]
[Black "Bronner, Daniel"]
[Result "1-0"]
[WhiteElo "1982"]
[BlackElo "1811"]
[PlyCount "133"]
[EventDate "2006.07.08"]

1. e4 g6 2. d4 Bg7 3. f4 d6 4. Nf3 Nf6 5. Nc3 O-O 6. Be3 b6 7. Qd2 Bb7 8. Bd3
Ng4 9. Bg1 c5 10. h3 Nf6 11. e5 dxe5 12. dxe5 Nd5 13. Ne4 Nb4 14. Nf2 Nxd3+ 15.
Nxd3 c4 16. Nf2 Qxd2+ 17. Kxd2 Rd8+ 18. Kc3 b5 19. a4 a6 20. axb5 axb5 21. Rxa8
Bxa8 22. Kb4 Bc6 23. Ng4 Bf8 24. Bb6 Rc8 25. Kc3 h5 26. Ne3 Bh6 27. f5 Bxf3 28.
gxf3 Nd7 29. Nd5 Kf8 30. fxg6 fxg6 31. Bd4 e6 32. Nb6 Nxb6 33. Bxb6 Rb8 34.
Bc5+ Kf7 35. Ra1 Rb7 36. Ra7 Rxa7 37. Bxa7 Bf8 38. Kd4 g5 39. Bc5 Bg7 40. Bd6
Kg6 41. Kc5 Kf5 42. Kxb5 Kf4 43. Kxc4 Kxf3 44. b4 g4 45. hxg4 h4 46. b5 h3 47.
b6 h2 48. b7 h1=Q 49. b8=Q Qf1+ 50. Kc5 Qf2+ 51. Kb5 Qe2+ 52. c4 Kf4 53. Qc7
Qxg4 54. c5 Qe2+ 55. Kb6 Qg2 56. Qf7+ Ke3 57. Qxe6 Qb2+ 58. Kc7 Qb5 59. Qh3+
Kf2 60. Qf5+ Ke1 61. Qe4+ Kf2 62. Qb7 Qe8 63. Qc8 Qb5 64. Qd7 Qa5+ 65. Kb7 Qb4+
66. Kc8 Bxe5 67. Qf5+ 1-0

[Event "5eme Open International de La Fere"]
[Site "La Fere (FRA)"]
[Date "2006.07.08"]
[Round "1.23"]
[White "Demeestere, Laurent"]
[Black "Belloc, Sidonie"]
[Result "1/2-1/2"]
[WhiteElo "1954"]
[BlackElo "1771"]
[PlyCount "79"]
[EventDate "2006.07.08"]

1. d4 d5 2. c4 e6 3. Nc3 Nf6 4. Bg5 c6 5. cxd5 cxd5 6. e3 Nc6 7. Bd3 h6 8. Bh4
Be7 9. Nf3 O-O 10. O-O Bd7 11. Rc1 a6 12. Na4 Nb4 13. Bb1 Bxa4 14. Qxa4 Qb6 15.
a3 Nc6 16. Qc2 Rfd8 17. Ne5 Rac8 18. Bxf6 Bxf6 19. Ng4 Kf8 20. Nxf6 gxf6 21.
Qc5+ Qxc5 22. Rxc5 Na7 23. Rfc1 Rxc5 24. Rxc5 Rc8 25. Kf1 Rxc5 26. dxc5 Ke7 27.
Ke2 Kd7 28. Kf3 Ke7 29. Kg4 Kf8 30. Kh5 Kg7 31. b4 Nc6 32. Bc2 Na7 33. a4 Nc6
34. b5 Nb4 35. b6 Nc6 36. Bb3 Na5 37. Ba2 Nc6 38. h4 Ne5 39. Bb1 f5 40. g4
1/2-1/2

[Event "5eme Open International de La Fere"]
[Site "La Fere (FRA)"]
[Date "2006.07.08"]
[Round "1.24"]
[White "Brobecker, Alain"]
[Black "Godart, Francois"]
[Result "0-1"]
[WhiteElo "1763"]
[BlackElo "1952"]
[PlyCount "20"]
[EventDate "2006.07.08"]

1. d3 d5 2. g3 Nf6 3. Bg2 g6 4. c4 c6 5. Qb3 dxc4 6. Qxc4 Be6 7. Qb4 Qb6 8. Bd2
Bg7 9. Qc3 O-O 10. Qc1 Ng4 0-1

[Event "5eme Open International de La Fere"]
[Site "La Fere (FRA)"]
[Date "2006.07.08"]
[Round "1.31"]
[White "Mestdagh, Franck"]
[Black "Marchal, Roger"]
[Result "1-0"]
[WhiteElo "1901"]
[BlackElo "1686"]
[PlyCount "142"]
[EventDate "2006.07.08"]

1. e4 c5 2. Nf3 e6 3. c3 Nf6 4. Be2 Nxe4 5. Qa4 Nf6 6. O-O Be7 7. d4 cxd4 8.
cxd4 O-O 9. Nc3 d5 10. Ne5 Nbd7 11. Be3 a6 12. Rac1 Rb8 13. Qc2 b5 14. Nc6 Qe8
15. Nxb8 Nxb8 16. Nb1 Bd6 17. Nd2 Bd7 18. a3 Bc6 19. Nb3 Qe7 20. Nc5 Bxc5 21.
dxc5 Nbd7 22. b4 Rc8 23. Bg5 Ne5 24. Qc3 Ned7 25. Qg3 Qe8 26. Bh6 Qf8 27. Bf3
e5 28. Bg5 e4 29. Bd1 Qe8 30. Bh6 Qf8 31. Bf4 Qe8 32. h4 Kh8 33. Qc3 Qe6 34.
Re1 Qf5 35. Bd6 Re8 36. Re3 Ne5 37. Bxe5 Rxe5 38. Rg3 h6 39. Be2 Qf4 40. Rd1
Rf5 41. Qd4 Qxh4 42. a4 Rf4 43. Qe3 Ng4 44. Bxg4 Rxg4 45. axb5 axb5 46. Rxg4
Qxg4 47. Ra1 f5 48. Qg3 Qe2 49. Qd6 e3 50. Qf8+ Kh7 51. Qxf5+ Kh8 52. fxe3
Qxe3+ 53. Kh1 d4 54. Qc8+ Be8 55. Ra8 Qe1+ 56. Kh2 Qh4+ 57. Qh3 Qf4+ 58. Qg3
Qe4 59. Qf3 Qh4+ 60. Kg1 Qe1+ 61. Qf1 Qe3+ 62. Qf2 Qe7 63. Qxd4 Qe1+ 64. Kh2
Qe7 65. Qd3 Qh4+ 66. Kg1 Qe1+ 67. Qf1 Qe7 68. c6 Kh7 69. c7 Bd7 70. c8=Q Bxc8
71. Rxc8 Qe3+ 1-0

[Event "5eme Open International de La Fere"]
[Site "La Fere (FRA)"]
[Date "2006.07.08"]
[Round "1.30"]
[White "Rigolot, Lucie"]
[Black "Flandre, Xavier"]
[Result "0-1"]
[WhiteElo "1690"]
[BlackElo "1916"]
[PlyCount "120"]
[EventDate "2006.07.08"]

1. e4 e5 2. Nf3 Nc6 3. Bb5 a6 4. Ba4 Nf6 5. d4 exd4 6. O-O Be7 7. e5 Nd5 8.
Nxd4 O-O 9. Nf5 Nb6 10. Bxc6 dxc6 11. Qf3 Bg5 12. Qg3 Bxf5 13. Bxg5 Qd7 14. Nc3
Bxc2 15. Rac1 Qd3 16. f3 Qg6 17. Bh4 Qxg3 18. Bxg3 Bf5 19. Rfe1 Rfe8 20. Ne4
Nd5 21. a3 Bxe4 22. Rxe4 Re6 23. Rce1 Rae8 24. f4 f5 25. R4e2 Nf6 26. Rd2 Ne4
27. Rd7 R6e7 28. Red1 h6 29. Bf2 Kf7 30. Rd8 Ke6 31. g3 Rxd8 32. Rxd8 Rd7 33.
Rxd7 Kxd7 34. Be3 Ke6 35. Kf1 Kd5 36. b3 c5 37. Ke2 c4 38. b4 Kc6 39. Kd1 a5
40. bxa5 Kb5 41. Kc2 Kxa5 42. Bd2+ Ka4 43. Bb4 c5 44. Bc3 Kxa3 45. e6 Nd6 46.
Be5 Ne8 47. h3 b5 48. g4 g6 49. gxf5 gxf5 50. Kb1 Kb3 51. h4 h5 52. Bb2 c3 53.
Bc1 b4 54. e7 Kc4 55. Ka1 Kd3 56. Kb1 c4 57. Ka2 b3+ 58. Kb1 b2 59. Bxb2 cxb2
60. Kxb2 Kd2 0-1

[Event "5eme Open International de La Fere"]
[Site "La Fere (FRA)"]
[Date "2006.07.08"]
[Round "1.32"]
[White "Gressent, Cedric"]
[Black "Marchal, Chantal"]
[Result "0-1"]
[WhiteElo "1680"]
[BlackElo "1900"]
[PlyCount "44"]
[EventDate "2006.07.08"]

1. f4 d5 2. g3 c5 3. Bg2 Nf6 4. d3 Nc6 5. Nd2 Rb8 6. e4 Bg4 7. Ne2 Nd4 8. Bf1
Nf3+ 9. Nxf3 Bxf3 10. Rg1 dxe4 11. Bg2 Bxg2 12. Rxg2 exd3 13. cxd3 Qd5 14. Rg1
Rd8 15. Qa4+ Rd7 16. Qxa7 Qxd3 17. Qb8+ Rd8 18. Qxb7 Qd1+ 19. Kf2 Ng4+ 20. Kg2
Qxe2+ 21. Kh3 Nf2+ 22. Kh4 Qg4# 0-1